Revista Universidad del Chocó / (Registro nro. 17102)

Detalles MARC
000 -CABECERA
Campo de control 01060nas a2200229 a 4500
005 - FECHA Y HORA DE LA ULTIMA TRANSACCION
Campo de control 20180517072520.0
008 - ELEMENTOS DE LONGITUD FIJA—INFORMACION GENERAL
Campo de control 960719c199u9999ck r p r 0 0a0spa d
022 ## - ISSN
ISSN 1657-3498
040 ## - FUENTE DE CATALOGACIÓN
Agencia catalogadora original hm
Agencia transcriptora hm
Agencia Modificadora CO-BoIAVH
041 0# - IDIOMA
Código de idioma para texto/pista de sonido o título separado Español
044 ## - PAÍS DE PUBLICACIÓN
País de publicación Colombia
090 ## - CLASIFICACIÓN LOCAL
Colección SE
245 00 - MENCION DE TITULO
Título Revista Universidad del Chocó /
Mención de responsabilidad Universidad Tecnológica del Chocó Diego Luis Córdoba
260 ## - PUBLICACION, DISTRIBUCION, ETC. (PIE DE IMPRENTA)
Lugar de publicación, distribución, etc. Quibdó (Chocó, Colombia) :
Nombre del editor, distribuidor, etc. Universidad Tecnológica del Chocó Diego Luis Córdoba,
Fecha de publicación, distribución, etc. [199-].
300 ## - DESCRIPCION FISICA
Otros detalles físicos ilustraciones ;
Dimensiones 25 cm.
610 20 - ASIENTO SECUNDARIO DE MATERIA - NOMBRE CORPORATIVO
Nombre corporativo o nombre de la jurisdicción como elemento de entrad Universidad Tecnológica del Chocó Diego Luis Córdoba
Lugar de la reunión (Quibdó)
Subdivisión general Actividades
Subdivisión de forma Publicaciones periódicas
650 26 - ASIENTO SECUNDARIO DE MATERIA - TERMINO TEMATICO
Término temático o nombre geográfico como elemento de entrada Biodiversidad
Subdivisión general Investigación
Subdivisión geográfica Chocó (Departamento, Colombia)
Subdivisión de forma Publicaciones periódicas
9 (RLIN) 91203
650 26 - ASIENTO SECUNDARIO DE MATERIA - TERMINO TEMATICO
Término temático o nombre geográfico como elemento de entrada Medio ambiente
Subdivisión geográfica Chocó (Departamento, Colombia)
Subdivisión de forma Publicaciones periódicas
9 (RLIN) 91204
650 26 - ASIENTO SECUNDARIO DE MATERIA - TERMINO TEMATICO
Término temático o nombre geográfico como elemento de entrada Sociología rural
Subdivisión geográfica Colombia.
Subdivisión de forma Publicaciones periódicas
9 (RLIN) 91205
710 2# - ASIENTO SECUNDARIO - NOMBRE CORPORATIVO
Nombre corporativo o de jurisdicción como elemento de entrada Universidad Tecnológica del Chocó Diego Luis Córdoba
Lugar de la reunión (Quibdó)
9 (RLIN) 91206
942 ## - ELEMENTOS ADICIONALES (KOHA)
Sistema de clasificación Local
Tipo de ítem Periodica o revista
Existencias
Withdrawn status Lost status Sistema de Clasificación Damaged status No para préstamo Colección Fecha publicación (Año) Número revista Inventariado Ubicación Permanente Ubicación actual Fecha de adquisición Fuente de adquisición Datos de publicación Seriada Total Checkouts Número topográfico Inventario / Código de Barras Date last seen Ejemplar Price effective from Forma de adquisición Tipo de material Volumen revista
    Local     Hemeroteca 2002 17 Inventariado 2017 Bogotá Bogotá 29/04/2003 Desconocido Número 17 (01/12/2002)   SE 009881 25/03/2015 Ej. 1 25/03/2015 Donación Periodica o revista  
    Local     Hemeroteca 2003 18 Inventariado 2017 Bogotá Bogotá 29/06/2004 Cordoba, Sergio Número 18 (01/06/2003)   SE 016215 25/03/2015 Ej. 1 25/03/2015 Donación Periodica o revista  
    Local     Hemeroteca 2005 22 Inventariado 2017 Bogotá Bogotá 30/10/2007   Número 22 (01/06/2005)   SE 025402 25/03/2015 Ej. 1 25/03/2015 Donación Periodica o revista  
    Local     Hemeroteca 2005 23 Inventariado 2017 Bogotá Bogotá 30/10/2007   Número 23 (01/12/2005)   SE 025403 25/03/2015 Ej. 1 25/03/2015 Donación Periodica o revista  
    Local     Hemeroteca 2006 24 Inventariado 2017 Bogotá Bogotá 30/10/2007   Número 24 (01/06/2006)   SE 025404 25/03/2015 Ej. 1 25/03/2015 Donación Periodica o revista  
    Local     Hemeroteca 2006 25 Inventariado 2017 Bogotá Bogotá 30/10/2007   Número 25 (01/12/2006)   SE 025405 25/03/2015 Ej. 1 25/03/2015 Donación Periodica o revista  
    Local     Hemeroteca 2007 26 Inventariado 2017 Bogotá Bogotá 16/04/2008   Número 26 (01/06/2007)   SE 025832 25/03/2015 Ej. 1 25/03/2015 Donación Periodica o revista  
    Local     Hemeroteca 2007 2 Inventariado 2017 Bogotá Bogotá 16/04/2008   Vol 26, Nro 2 (01/12/2007)   SE 025833 25/03/2015 Ej. 1 25/03/2015 Donación Periodica o revista 26